000 00432nam a2200181Ia 4500
008 100920s9999 xx 000 0 und d
082 _b97948
_a16 0
100 _aVENKATESWARAN P.S.
245 _aYOGA FOR YOU.
260 _bJAICO PUBLISHING HOUSE.DELHI.
_c0
300 _a32
_bसाधी
365 _b0
520 _aपी.
630 _aYOGA FOR YOU.
650 _aपी.
730 _aYOGA FOR YOU.
942 _cBOOK
999 _c738386
_d738383